U.S. States Simplified To Hexagons #2 - Statistics

General Stats
  • This quiz has been taken 168 times
  • The average score is 17 of 20
Answer Stats
Picture Answer % Correct
Nevada
99%
Louisiana
94%
New Hampshire
94%
Ohio
93%
Delaware
91%
New Jersey
91%
New Mexico
91%
Indiana
90%
Kentucky
90%
Mississippi
90%
South Carolina
86%
Arkansas
84%
Kansas
83%
Massachusetts
79%
Montana
79%
West Virginia
78%
Connecticut
75%
Oregon
75%
Maine
72%
Wisconsin
68%
No matching quizzes found
Score Distribution
Percent of People with Each Score
Percentile by Number Answered
Your Score History
You have not taken this quiz